Feutures of Yoruba Oral Poetry (Record no. 2504)

MARC details
000 -LEADER
fixed length control field 00345nam a22001337a 4500
008 - FIXED-LENGTH DATA ELEMENTS--GENERAL INFORMATION
fixed length control field 250320b |||||||| |||| 00| 0 eng d
020 ## - INTERNATIONAL STANDARD BOOK NUMBER
ISBN 9781544805
100 ## - MAIN ENTRY--AUTHOR
Author OLATUNJI Olatunde O.
245 ## - TITLE STATEMENT
Title Feutures of Yoruba Oral Poetry
260 ## - PUBLICATION, DISTRIBUTION, ETC. (IMPRINT)
Place of publication Ibadan
Name of publisher University Press Ltd.
Date of publication 1984
300 ## - COLLATION
Pagination xiii, 267p.
942 ## - ADDED ENTRY ELEMENTS (KOHA)
Item type Books
050 ## - LIBRARY OF CONGRESS CALL NUMBER
Classification number PL8821
Item number .O43
Holdings
Source of classification or shelving scheme Not for loan Permanent location Current location Date acquired Accession No. Full call number Barcode. Koha item type
Library of Congress Classification   Samuel Ogbemudia Main Library, University of Abuja Samuel Ogbemudia Main Library, University of Abuja 03/20/2025 92/006600 PL8821.O43 2025-0775 Books